000 01102nam a22003257a 4500
003 CHAP
005 20220329143320.0
008 080530d1995 us ab r 00110 eng d
010 _a94867
011 _a95839
020 _a0534210708
035 _a106470
040 _cCHAP
082 0 4 _a574
_bT3 1995
100 1 _aTaylor, Jane B.
_9111806
245 1 0 _aStudy guide and workbook an interactive approach for Starr and Taggart's biology :
_bthe unity and diversity of life
_c/by Jane B. Taylor and John D. Jackson
250 _a7 ed.
260 _aBelmont, Cal. :
_bWadsworth,
_cc1995
300 _avi, 601 p. :
_bilus. ; gráfs. ; mapas
590 _aBATCH-UPD
_b10
_c20130110
_lUCH01
_h0827
590 _aBATCH-UPD
_b10
_c20130410
_lUCH01
_h0505
590 _aBATCH-UPD
_b10
_c20130914
_lUCH01
_h0635
590 _aCONVERSION
_b10
_c20130109
_lUCH01
_h1352
650 1 4 _aBiología.
_912773
650 1 4 _aBiología
_xEstudio y enseñanza.
_912782
700 1 _aJackson, John D.
_960811
901 _aBK
942 _cLIBRO
949 _a574 T3 1995
_bBC
_cLIBRO
_d33724002061538
_eLIBRO
_h109571
_i106470
_si
999 _c94867
_d94867